Taylor Swift - We Were Happy Lyrics - Statistics

General Stats
  • This quiz has been taken 96 times
    69 since last reset
  • The average score is 201 of 251
Answer Stats
Answer % Correct
happy
100%
Happy
100%
We
100%
we
100%
were
100%
I
97%
the
97%
You
97%
you
97%
your
97%
a
93%
it
93%
and
90%
And
90%
go
90%
in
90%
me
90%
daddy's
86%
do
86%
so
86%
to
86%
was
86%
When
86%
when
86%
all
83%
farm
83%
on
83%
baby
79%
good
79%
i'm
79%
No
79%
Oh
79%
oh
79%
one
79%
'bout
76%
could
76%
'em
76%
gonna
76%
had
76%
Talkin'
76%
talkin'
76%
what
76%
Back
72%
back
72%
be
72%
buy
72%
dark
72%
down
72%
for
72%
laughed
72%
my
72%
showed
72%
touch
72%
don't
69%
love
69%
night
69%
someday
69%
used
69%
way
69%
'cause
66%
'Cause
66%
up
66%
walk
66%
are
62%
But
62%
into
62%
marry
62%
not
62%
That's
62%
that's
62%
they
62%
along
59%
anymore
59%
how
59%
recall
59%
right
59%
arms
55%
around
55%
bright
55%
shining
55%
street
55%
while
55%
lights
52%
now
52%
snuck
52%
somewhere
52%
sun
52%
these
52%
those
52%
watch
52%
Before
48%
circus
48%
give
48%
hate
48%
telling
48%
voices
48%
water
48%
choices
45%
porch
45%
tears
45%
feel
41%
neck
41%
boats
38%
deserved
38%
goodbye's
38%
harder
38%
much
38%
sorta
38%
threw
38%
No matching quizzes found
Score Distribution
Percent of People with Each Score
Percentile by Number Answered
Your Score History
You have not taken this quiz since the last reset